| 000 | 00662nam a2200193Ia 4500 | ||
|---|---|---|---|
| 003 | GCL | ||
| 008 | 140319s9999 xx 000 0 ara d | ||
| 040 |
_aGCL / _cGCL |
||
| 082 | 0 | 4 |
_a415.1 _bج م |
| 100 | 1 | _aابن جنى : ابوالفتح عثمان الموصلى البغدادى | |
| 245 | 1 | 0 |
_aالمقتضب فى اسم المفعول المعتل العين من الثلاثى / _cابن جنى : ابوالفتح عثمان الموصلى البغدادى |
| 700 | 1 | _aامين عبد الله سالم | |
| 300 | _a252 ص | ||
| 490 | _a | ||
| 650 | 0 | 4 | _aالنحو |
| 650 | 0 | 4 | _aنحو |
| 650 | 0 | 4 | _aاللغة العربية |
| 942 |
_2ddc _cBK |
||
| 999 |
_c37663 _d37663 |
||